00940nam a22002057a 450000500170000000800410001702000180005805000190007610000390009524500980013424600460023226000410027830000350031949000250035450502050037965000370058465000300062165000420065170000410069320231102152012.0161206s2014 mx a 001 0 spa d a9786077757962 4aHM743.F33bR651 aRojas Sánchez, Fernandoe, autor10aFacebook para la empresa en #4pasosc / Fernando, Rojas Sánchez, Ricardo Sánchez Marchand3 aFacebook para la empresa en cuatro pasos  aMéxicob : Ediciones Felouc, 2014 a101 páginasb: ilustraciones0 aColección Negocios0 aPara recordar ¿De qué se trata el marketing en las redes sociales? Estrategias Contenido Moderación de comunidades Resultados Facebook como una herramienta de comunicación interna 14aFACEBOOK (RECURSO ELECTRÓNICO)24aREDES SOCIALES EN LÍNEA24aEMPRESASxINNOVACIONES TECNOLÓGICAS1 aRicardo, Sánchez Marchande, autor